[Event "World Senior Teams +50"]
[Site "Radebeul GER"]
[Date "2016.06.27"]
[Round "2.25"]
[Board "4"]
[White "Cross, Ian K"]
[Black "Bordasch, Christian"]
[Result "1/2-1/2"]
[WhiteElo "1685"]
[BlackElo "1830"]
[WhiteTeam "England 3"]
[BlackTeam "SK Norderstedt von 1975 e.V."]
[WhiteFideId "470155"]
[BlackFideId "12977730"]
[EventDate "2016.06.26"]

1. d4 Nf6 2. e3 d5 3. Bd3 e6 4. f4 Be7 5. Nf3 O-O 6. Nbd2 b6 7. Qe2 Nbd7 8. O-O
c5 9. b3 Bb7 10. Bb2 Rc8 11. Ne5 Ne8 12. Nxd7 Qxd7 13. Rfc1 cxd4 14. Bxd4 Bf6
15. Qh5 h6 16. Nf3 Bxd4 17. exd4 Nf6 18. Qh4 Qd8 19. Ne5 Nd7 20. Qh3 Nxe5 21.
fxe5 f5 22. exf6 Rxf6 23. Rf1 Rxf1+ 24. Rxf1 Qe7 25. Re1 Rc6 26. Qg3 g5 27. Qe5
Qg7 28. c4 Qxe5 29. Rxe5 Rd6 30. Kf2 Kf7 31. Ke3 dxc4 32. Bxc4 Bxg2 33. h4 gxh4
34. Rh5 h3 35. Rxh6 Kg7 36. Rh4 Kg6 37. Be2 Kg5 38. Rg4+ Kf6 39. Rf4+ Ke7 40.
Rh4 a5 41. Bc4 Rc6 42. a4 Kf6 43. Kf4 Rd6 44. Kg3 Bd5 45. Bxd5 Rxd5 46. Kxh3 Rf5
47. Kg3 Ke7 48. Rf4 Kd6 49. Re4 Kd5 50. Rg4 Rf1 51. Rg5+ Kxd4 52. Rb5 e5 53.
Rxb6 e4 54. Kg2 Rf3 55. b4 axb4 56. Rxb4+ Ke5 57. a5 Ra3 58. Rb5+ Kf4 59. Kf2
Ra2+ 60. Ke1 e3 61. Rb8 Rxa5 62. Rf8+ Rf5 63. Re8 Kf3 64. Re6 Rf4 1/2-1/2

[Event "World Senior Teams +50"]
[Site "Radebeul GER"]
[Date "2016.06.27"]
[Round "2.26"]
[Board "1"]
[White "Gempe, Anet"]
[Black "Jeute, Peter"]
[Result "1-0"]
[WhiteTitle "WFM"]
[WhiteElo "2001"]
[BlackElo "1978"]
[WhiteTeam "Germany 2 Women"]
[BlackTeam "SV Bannewitz"]
[WhiteFideId "4618114"]
[BlackFideId "24646091"]
[EventDate "2016.06.26"]

1. e4 d5 2. exd5 Qxd5 3. Nc3 Qa5 4. Bc4 Nf6 5. d3 c6 6. Ne2 Bf5 7. O-O e6 8. Qe1
Nbd7 9. Bf4 Bb4 10. a3 Bxc3 11. Nxc3 O-O 12. Nd5 Qd8 13. Bc7 Qe8 14. Nxf6+ Nxf6
15. Bd6 Rd8 16. Bxf8 Qxf8 17. Qb4 Qxb4 18. axb4 a6 19. Rfd1 Kf8 20. f3 h6 21.
Rd2 Nd7 22. Rad1 Nb6 23. Bb3 e5 24. c3 f6 25. d4 exd4 26. Rxd4 Rxd4 27. Rxd4 Ke7
28. Kf2 Nc8 29. h4 Nd6 30. h5 Bd7 31. Rd2 Bc8 32. g4 Bd7 33. Kg3 f5 34. Kf4 fxg4
35. fxg4 Bc8 36. Re2+ Kf6 37. Rd2 Ke7 38. Ke5 Ne8 39. Bd1 Nf6 40. Rg2 Be6 41. g5
hxg5 42. Rxg5 Ne8 43. Bg4 Bxg4 44. Rxg4 1-0

[Event "World Senior Teams +50"]
[Site "Radebeul GER"]
[Date "2016.06.27"]
[Round "2.26"]
[Board "2"]
[White "Hartig, Uwe"]
[Black "Skibbe, Diana"]
[Result "1/2-1/2"]
[BlackTitle "WFM"]
[WhiteElo "2001"]
[BlackElo "2071"]
[WhiteTeam "SV Bannewitz"]
[BlackTeam "Germany 2 Women"]
[WhiteFideId "24668222"]
[BlackFideId "4612698"]
[EventDate "2016.06.26"]

1. e4 e5 2. d4 exd4 3. Qxd4 Nc6 4. Qe3 Nf6 5. Bd2 Be7 6. Nc3 d5 7. exd5 Nxd5 8.
Nxd5 Qxd5 9. Ne2 O-O 10. Nc3 Qe5 11. O-O-O Be6 12. Bb5 Bc5 13. Qxe5 Nxe5 14. Ne4
Be7 15. Bc3 Ng6 16. Bd7 Bc4 17. b3 Ba6 18. Rhe1 Rfd8 19. g3 Nf8 20. Bg4 Bb5 21.
Be5 Rxd1+ 22. Bxd1 Ba3+ 23. Kb1 Re8 24. Bc3 h6 25. Bd2 Bc6 26. Nc3 Rd8 27. Be3
Bb4 28. Kb2 a5 29. a3 Bd6 30. Be2 Be5 31. Rd1 Re8 32. Bd4 Bxd4 1/2-1/2

[Event "World Senior Teams +50"]
[Site "Radebeul GER"]
[Date "2016.06.27"]
[Round "2.26"]
[Board "4"]
[White "Seifert, Klaus"]
[Black "Kierzek, Mira"]
[Result "1-0"]
[BlackTitle "WFM"]
[WhiteElo "1886"]
[BlackElo "2003"]
[WhiteTeam "SV Bannewitz"]
[BlackTeam "Germany 2 Women"]
[WhiteFideId "24639877"]
[BlackFideId "15002110"]
[EventDate "2016.06.26"]

1. e4 e5 2. Nf3 Nc6 3. d4 exd4 4. Nxd4 Bc5 5. Be3 Qf6 6. c3 a5 7. Bc4 Ne5 8. Be2
d6 9. O-O c6 10. Nd2 a4 11. b4 Bb6 12. Nxc6 Bxe3 13. fxe3 Qg5 14. Nxe5 dxe5 15.
Bb5+ Ke7 16. Nc4 Qh6 17. Qd5 Qe6 18. Qc5+ 1-0

[Event "World Senior Teams +50"]
[Site "Radebeul GER"]
[Date "2016.06.27"]
[Round "2.27"]
[Board "2"]
[White "Schiller, Dirk"]
[Black "Mortensen, John"]
[Result "0-1"]
[WhiteElo "1776"]
[BlackElo "2077"]
[WhiteTeam "SK Kaltenkirchen"]
[BlackTeam "SK 1968"]
[WhiteFideId "1270380"]
[BlackFideId "1409190"]
[EventDate "2016.06.26"]

1. e4 c5 2. Nf3 Nc6 3. g3 g6 4. Bg2 Bg7 5. d3 d6 6. c3 Nf6 7. O-O O-O 8. h3 c4
9. Be3 cxd3 10. Qxd3 Qc7 11. Nbd2 Na5 12. Nd4 a6 13. Kh2 Rb8 14. c4 Bd7 15. Rac1
Rfc8 16. b3 Qd8 17. Rfd1 Nc6 18. Nxc6 Bxc6 19. Ba7 Ra8 20. Bd4 Nd7 21. Bxg7 Kxg7
22. f3 a5 23. Nb1 Qb6 24. Qd4+ Qxd4 25. Rxd4 Nc5 26. Nc3 Rd8 27. Nd5 e5 28. Rd2
Ne6 29. Rc3 Rac8 30. Ne7 Rc7 31. Nd5 Bxd5 32. Rxd5 b6 33. h4 Kf8 34. Kg1 Ke7 35.
Kf2 Nd4 36. Rc1 Rc5 37. Rd1 Rdc8 38. Rxc5 dxc5 39. Rd2 Ra8 40. Rb2 a4 41. f4
axb3 42. axb3 Ra3 43. fxe5 Ke6 44. b4 Rb3 45. Rxb3 Nxb3 46. bxc5 bxc5 47. Ke3
Kxe5 48. Bh3 Na5 49. Bf1 Nb7 50. Bd3 h6 51. g4 Nd6 52. h5 g5 53. Be2 Nxe4 54.
Bd3 Nd6 55. Be2 f5 56. gxf5 Nxf5+ 57. Kd3 Kf4 0-1

[Event "World Senior Teams +50"]
[Site "Radebeul GER"]
[Date "2016.06.27"]
[Round "2.27"]
[Board "3"]
[White "Cordes, Steffen"]
[Black "Nowack, Achim"]
[Result "0-1"]
[WhiteElo "1926"]
[BlackElo "1790"]
[WhiteTeam "SK 1968"]
[BlackTeam "SK Kaltenkirchen"]
[WhiteFideId "1404644"]
[BlackFideId "24659185"]
[EventDate "2016.06.26"]

1. e4 g6 2. d4 Bg7 3. Nc3 d6 4. Nf3 Nc6 5. h3 Nf6 6. Be2 O-O 7. O-O a6 8. Re1 b5
9. a3 Bb7 10. Bf1 Rc8 11. Bg5 Qe8 12. Qd2 e5 13. d5 Nb8 14. a4 b4 15. Nd1 a5 16.
c3 c5 17. Bb5 Qe7 18. Ne3 h6 19. Bh4 Kh7 20. Nh2 Qc7 21. Bxf6 Bxf6 22. Nc4 Bg5
23. Qe2 f5 24. f3 Rcd8 25. Nf1 Bc8 26. Nfd2 Rf7 27. Nb3 Rdf8 28. Rf1 Bf4 29. g4
Qe7 30. Qg2 fxe4 31. fxe4 h5 32. Rae1 hxg4 33. hxg4 Kg7 34. Rf3 Bh2+ 35. Kxh2
Rxf3 36. Re2 bxc3 37. bxc3 Qh4+ 38. Kg1 Rg3 0-1

[Event "World Senior Teams +50"]
[Site "Radebeul GER"]
[Date "2016.06.27"]
[Round "2.27"]
[Board "4"]
[White "Holzberg, Gerhard"]
[Black "David, Anton"]
[Result "1-0"]
[WhiteElo "1952"]
[BlackElo "1772"]
[WhiteTeam "SK Kaltenkirchen"]
[BlackTeam "SK 1968"]
[WhiteFideId "24680818"]
[BlackFideId "1402072"]
[EventDate "2016.06.26"]

1. e4 d5 2. exd5 Qxd5 3. Nc3 Qa5 4. d4 Nf6 5. f3 c6 6. Bd3 Bf5 7. Ne2 e6 8. O-O
Be7 9. Bd2 Bxd3 10. cxd3 Qd8 11. Ne4 Nbd7 12. Kh1 O-O 13. Be3 Nd5 14. Bg1 b6 15.
Rc1 Rc8 16. f4 N7f6 17. N2g3 Qc7 18. f5 exf5 19. Nxf5 Rfe8 20. Qf3 Nxe4 21. dxe4
Nf6 22. e5 Nd5 23. Ne3 Nxe3 24. Qxf7+ Kh8 25. Bxe3 c5 26. Qh5 Qd8 27. Rfd1 g6
28. Qg4 Qc7 29. Bf4 Rf8 30. d5 Qd8 31. d6 Rxf4 32. dxe7 1-0

[Event "World Senior Teams +50"]
[Site "Radebeul GER"]
[Date "2016.06.27"]
[Round "2.28"]
[Board "1"]
[White "Buchholz, Ralf"]
[Black "Frick, Renato"]
[Result "1-0"]
[WhiteElo "1926"]
[BlackElo "2014"]
[WhiteTeam "Deutsche Schach-Loewen"]
[BlackTeam "Liechtenstein"]
[WhiteFideId "24693910"]
[BlackFideId "12000027"]
[EventDate "2016.06.26"]

1. c4 Nf6 2. Nc3 c5 3. g3 Nc6 4. Bg2 e6 5. Nf3 d5 6. cxd5 Nxd5 7. O-O Be7 8. d4
O-O 9. e4 Nc7 10. Be3 cxd4 11. Nxd4 Bd7 12. Qe2 Qc8 13. Rac1 e5 14. Nb3 Rd8 15.
Nd5 Bf8 16. Nxc7 Qxc7 17. Bc5 Be6 18. Bxf8 Bxb3 19. Bxg7 Kxg7 20. axb3 Qb6 21.
Rc3 Nd4 22. Qh5 f6 23. Rfc1 Nb5 24. Rc5 Kh8 25. Bf1 1-0

[Event "World Senior Teams +50"]
[Site "Radebeul GER"]
[Date "2016.06.27"]
[Round "2.28"]
[Board "2"]
[White "Kock, Hans-Uwe"]
[Black "Grosselohmann, Gerhard"]
[Result "0-1"]
[WhiteTitle "FM"]
[WhiteElo "2004"]
[BlackElo "2004"]
[WhiteTeam "Liechtenstein"]
[BlackTeam "Deutsche Schach-Loewen"]
[WhiteFideId "4611020"]
[BlackFideId "4645219"]
[EventDate "2016.06.26"]

1. d4 Nf6 2. c4 c5 3. d5 b5 4. cxb5 a6 5. e3 d6 6. Nc3 g6 7. Nf3 Bg7 8. bxa6
Bxa6 9. Bxa6 Nxa6 10. O-O O-O 11. Re1 Qb6 12. Re2 Rfb8 13. e4 Nd7 14. Bf4 Qc7
15. Rc1 Rb7 16. a4 Qa5 17. Nb5 Nc7 18. Nxc7 Qxc7 19. b3 Qb8 20. Re3 Ra6 21. Nd2
Rab6 22. Qc2 Rb4 23. Rb1 Nb6 24. a5 Nxd5 25. exd5 Rxf4 26. Nc4 Qa7 27. Re4 Rxe4
28. Qxe4 Rb4 29. Qd3 Bd4 30. g3 Qa8 31. Qf3 Qb7 32. Nd2 Qb5 33. Re1 Bf6 34. Ne4
Be5 35. a6 Qxa6 36. Kg2 Qb7 37. Nxc5 Qb5 38. Nd3 Rxb3 39. Re3 Bf6 40. h4 Kf8 41.
Qe4 Ra3 42. Nf4 Ra4 43. Qd3 Qxd3 44. Rxd3 Bxh4 45. Rb3 Bg5 46. Nd3 Ra5 47. f4
Bf6 48. Rb8+ Kg7 49. Nb4 Bc3 50. Nc6 Rxd5 51. Nxe7 Rd2+ 52. Kf3 Bd4 53. g4 h6
54. g5 hxg5 55. fxg5 f6 56. Rb7 Be5 57. Nf5+ Kf8 58. Rb8+ Kf7 59. Rb7+ Ke6 60.
Ng7+ Kd5 61. gxf6 Bxf6 62. Ne8 Bd4 63. Rb5+ Bc5 64. Nf6+ Kd4 65. Rxc5 dxc5 66.
Ne4 Rd3+ 0-1

[Event "World Senior Teams +50"]
[Site "Radebeul GER"]
[Date "2016.06.28"]
[Round "3.1"]
[Board "1"]
[White "Hjartarson, Johann"]
[Black "Enders, Peter"]
[Result "1/2-1/2"]
[WhiteTitle "GM"]
[BlackTitle "GM"]
[WhiteElo "2547"]
[BlackElo "2448"]
[WhiteTeam "Iceland"]
[BlackTeam "Thueringen"]
[WhiteFideId "2300044"]
[BlackFideId "4611314"]
[EventDate "2016.06.26"]

1. d4 Nf6 2. c4 e6 3. Nc3 c5 4. d5 exd5 5. cxd5 d6 6. Nf3 g6 7. Bf4 Bg7 8. Qa4+
Bd7 9. Qb3 Qc7 10. e4 O-O 11. Nd2 Nh5 12. Be3 Na6 13. Be2 Nf6 14. Bf4 Rfb8 15.
a4 Ne8 16. Nc4 Nb4 17. O-O b6 18. Rfe1 a6 19. Na3 Qd8 20. Bf1 Bd4 21. Bg3 Qf6
22. Rad1 Be5 23. Bxe5 Qxe5 24. Nc4 Qg7 25. e5 Bf5 26. Rd2 dxe5 27. Nxe5 Rd8 28.
g3 h5 29. Bg2 Rab8 30. Qd1 Nc7 31. h3 Qf6 32. d6 Ne6 33. g4 hxg4 34. hxg4 Bc2
35. Rxc2 Nxc2 36. Nd5 Qg5 37. Qxc2 Rxd6 38. Qc3 Nd4 39. f4 Qh4 40. g5 Rbd8 41.
Nf6+ Kf8 42. a5 bxa5 43. Re4 Ne6 44. Neg4 Rd1+ 45. Bf1 R8d3 46. Qxc5+ Kg7 47.
Ne8+ Kh7 48. Nef6+ Kg7 49. Ne8+ Kh7 50. Nef6+ 1/2-1/2

[Event "World Senior Teams +50"]
[Site "Radebeul GER"]
[Date "2016.06.28"]
[Round "3.1"]
[Board "2"]
[White "Casper, Thomas"]
[Black "Olafsson, Helgi"]
[Result "1/2-1/2"]
[WhiteTitle "IM"]
[BlackTitle "GM"]
[WhiteElo "2377"]
[BlackElo "2543"]
[WhiteTeam "Thueringen"]
[BlackTeam "Iceland"]
[WhiteFideId "4611403"]
[BlackFideId "2300010"]
[EventDate "2016.06.26"]

1. e4 c5 2. Nf3 e6 3. d3 d5 4. Nbd2 Nc6 5. g3 Bd6 6. Bg2 Nge7 7. O-O O-O 8. c3
b6 9. Re1 Qc7 10. a3 Ba6 11. exd5 exd5 12. Nf1 Rad8 13. Ne3 Qc8 14. d4 Bb8 15.
b3 cxd4 16. cxd4 Qd7 17. Bb2 f6 18. Rc1 Rc8 1/2-1/2

[Event "World Senior Teams +50"]
[Site "Radebeul GER"]
[Date "2016.06.28"]
[Round "3.1"]
[Board "3"]
[White "Petursson, Margeir"]
[Black "Brueggemann, Joachim"]
[Result "1-0"]
[WhiteTitle "GM"]
[BlackTitle "IM"]
[WhiteElo "2509"]
[BlackElo "2304"]
[WhiteTeam "Iceland"]
[BlackTeam "Thueringen"]
[WhiteFideId "2300028"]
[BlackFideId "4611861"]
[EventDate "2016.06.26"]

1. g3 e5 2. c4 Nf6 3. Nc3 d5 4. cxd5 Nxd5 5. Bg2 Nb6 6. Nf3 Nc6 7. Rb1 Be7 8.
O-O O-O 9. b4 f6 10. d3 Be6 11. a3 Qd7 12. Ne4 Nd5 13. Qc2 Rae8 14. b5 Nd8 15.
d4 exd4 16. Nxd4 Bf7 17. Bb2 Qg4 18. h3 Qh5 19. Rbd1 Kh8 20. Nd2 Nb6 21. Qxc7 f5
22. e3 Bf6 23. Ba1 Bd5 24. N4f3 Bxa1 25. Rxa1 Ne6 26. Qc3 Rc8 27. Qe5 Rce8 28.
Qc3 Rc8 29. Qb2 Nc4 30. Nxc4 Bxf3 31. Ne5 Bxg2 32. Kxg2 Ng5 33. h4 Ne4 34. Rfd1
Qe8 35. Rac1 Nc5 36. Qd4 Qxb5 37. Qd5 Rc7 38. Nf7+ Kg8 39. Nd8+ Kh8 40. Nf7+ 1-0

[Event "World Senior Teams +50"]
[Site "Radebeul GER"]
[Date "2016.06.28"]
[Round "3.1"]
[Board "4"]
[White "Espig, Lutz"]
[Black "Arnason, Jon L"]
[Result "1/2-1/2"]
[WhiteTitle "GM"]
[BlackTitle "GM"]
[WhiteElo "2263"]
[BlackElo "2490"]
[WhiteTeam "Thueringen"]
[BlackTeam "Iceland"]
[WhiteFideId "4611276"]
[BlackFideId "2300036"]
[EventDate "2016.06.26"]

1. Nf3 c5 2. c4 b6 3. g3 g6 4. Bg2 Bb7 5. O-O Bg7 6. Nc3 Nf6 7. d4 cxd4 8. Nxd4
Bxg2 9. Kxg2 O-O 10. e4 Qc7 11. Qd3 Na6 12. Bf4 Qb7 13. f3 d6 14. Be3 Rfc8 15.
Rac1 Nd7 16. b3 Nac5 17. Qe2 Ne5 18. Rfd1 a6 19. Bf2 Rab8 20. f4 Ned7 21. Qf3
Re8 22. Nde2 Nf6 23. Bxc5 bxc5 24. e5 dxe5 25. fxe5 Ng4 26. Qxb7 Rxb7 27. Rd3
Nxe5 28. Rd5 Rc7 29. Na4 Rec8 30. Nb6 e6 31. Rd6 Rb8 32. Na4 Rd7 33. Rxd7 Nxd7
34. Rd1 Rb7 35. Rd6 Ra7 36. Rc6 Bf8 37. Nec3 Kg7 38. Nb1 1/2-1/2

[Event "World Senior Teams +50"]
[Site "Radebeul GER"]
[Date "2016.06.28"]
[Round "3.2"]
[Board "1"]
[White "Petran, Peter"]
[Black "Nunn, John D M"]
[Result "1/2-1/2"]
[WhiteTitle "IM"]
[BlackTitle "GM"]
[WhiteElo "2331"]
[BlackElo "2597"]
[WhiteTeam "Slovakia"]
[BlackTeam "England 1"]
[WhiteFideId "14900114"]
[BlackFideId "400017"]
[EventDate "2016.06.26"]

1. g3 g6 2. Bg2 Bg7 3. c4 Nf6 4. Nc3 O-O 5. d3 Nc6 6. e4 a6 7. Nge2 b5 8. O-O
Rb8 9. f4 b4 10. Nd5 Nxd5 11. cxd5 Nd4 12. Be3 1/2-1/2

[Event "World Senior Teams +50"]
[Site "Radebeul GER"]
[Date "2016.06.28"]
[Round "3.2"]
[Board "2"]
[White "Speelman, Jon S"]
[Black "Motuz, Karol"]
[Result "1/2-1/2"]
[WhiteTitle "GM"]
[BlackTitle "FM"]
[WhiteElo "2523"]
[BlackElo "2333"]
[WhiteTeam "England 1"]
[BlackTeam "Slovakia"]
[WhiteFideId "400033"]
[BlackFideId "14902621"]
[EventDate "2016.06.26"]

1. c4 c6 2. Nf3 Nf6 3. b3 g6 4. Bb2 Bg7 5. e3 O-O 6. Be2 d5 7. O-O Nbd7 8. Qc2
b6 9. d4 Bb7 10. Nbd2 c5 11. cxd5 Nxd5 12. dxc5 Nxc5 13. Bxg7 Kxg7 14. b4 Nd7
15. Qb2+ N7f6 16. Rfc1 Qd6 17. a3 Rac8 18. Bf1 Qb8 19. e4 Nf4 20. g3 Ne6 21. Bh3
Rxc1+ 22. Rxc1 Bc8 23. Qe5 Qxe5 24. Nxe5 Rd8 25. Rc2 Bb7 26. Bxe6 Nxe4 27. Bc8
Ba8 28. Nef3 Rd3 29. Nxe4 Bxe4 30. Nd2 Bd5 31. a4 Ra3 32. Bd7 Ra1+ 33. Nf1 Rb1
34. b5 e6 35. Rc7 Ra1 36. Bc6 Bc4 37. Bg2 Rxa4 38. h4 Bxb5 39. Nd2 Rd4 40. Nf3 1/2-1/2

[Event "World Senior Teams +50"]
[Site "Radebeul GER"]
[Date "2016.06.28"]
[Round "3.2"]
[Board "3"]
[White "Briestensky, Rastislav"]
[Black "Hebden, Mark L"]
[Result "1/2-1/2"]
[WhiteTitle "FM"]
[BlackTitle "GM"]
[WhiteElo "2339"]
[BlackElo "2510"]
[WhiteTeam "Slovakia"]
[BlackTeam "England 1"]
[WhiteFideId "14900394"]
[BlackFideId "400084"]
[EventDate "2016.06.26"]

1. e4 e5 2. Nf3 Nc6 3. d4 exd4 4. Nxd4 Nf6 5. Nxc6 bxc6 6. Bd3 d5 7. Nc3 Be7 8.
O-O O-O 9. h3 Rb8 10. e5 Nd7 11. f4 f5 12. Na4 Nb6 13. Nxb6 axb6 14. Kh1 Be6 15.
Qe2 c5 16. b3 c6 17. a4 Qe8 18. c4 Qf7 19. Be3 Rfd8 20. Rfc1 Rb7 21. Qc2 g6 22.
Bf2 Rbd7 23. Be3 Bf8 24. Kh2 dxc4 25. Bxc4 Bd5 26. Qf2 Ra8 27. a5 Rda7 28. Bxd5
cxd5 29. Bd2 d4 30. b4 cxb4 31. a6 Qd5 32. Rcb1 Rxa6 33. Rxa6 Rxa6 34. Bxb4 Ra2
35. Qg3 Bh6 36. Rf1 Re2 37. Rf3 Qc4 38. Qh4 Qxb4 39. Qxh6 Re3 40. Qg5 Rxf3 41.
Qd8+ Qf8 42. Qd5+ Qf7 43. Qd8+ Qf8 44. Qd5+ Kg7 45. gxf3 Qc5 46. Qd8 Qb4 47.
Qf6+ 1/2-1/2

[Event "World Senior Teams +50"]
[Site "Radebeul GER"]
[Date "2016.06.28"]
[Round "3.2"]
[Board "4"]
[White "Arkell, Keith C"]
[Black "Franzen, Jozef"]
[Result "1-0"]
[WhiteTitle "GM"]
[BlackTitle "IM"]
[WhiteElo "2453"]
[BlackElo "2280"]
[WhiteTeam "England 1"]
[BlackTeam "Slovakia"]
[WhiteFideId "400270"]
[BlackFideId "14900181"]
[EventDate "2016.06.26"]

1. d4 Nf6 2. Nf3 g6 3. c4 Bg7 4. g3 O-O 5. Bg2 d6 6. O-O Nbd7 7. Nc3 e5 8. e4 c6
9. h3 a6 10. Be3 b5 11. Nd2 Ng4 12. hxg4 exd4 13. Bxd4 Bxd4 14. Nf3 Bxc3 15.
bxc3 Ne5 16. Nxe5 dxe5 17. Qxd8 Rxd8 18. g5 Be6 19. c5 Rd2 20. a4 Bc4 21. Rfc1
Rad8 22. axb5 axb5 23. Bf1 Bxf1 24. Kxf1 R8d3 25. Kg2 Re3 26. Ra6 Ree2 27. Rf1
Rc2 28. Rxc6 Rxc3 29. Rd1 Rcc2 30. Rd8+ Kg7 31. Rf6 Red2 32. Rb8 Rd7 33. c6 Rc7
34. Rxb5 R2xc6 35. Rxc6 Rxc6 36. Rxe5 h6 37. gxh6+ Kxh6 38. f4 Kg7 39. Kf3 Kf6
40. Kg4 Rc3 41. Re8 Re3 42. Kh4 Re1 43. Kg4 Re3 44. e5+ Kg7 45. Kh4 Re1 46. Kg5
Re3 47. g4 Re1 48. Re7 Re2 49. Kh4 Kf8 50. Rd7 Kg7 51. Rd8 Re1 52. Re8 Rh1+ 53.
Kg3 Rg1+ 54. Kf3 Rf1+ 55. Ke3 Rg1 56. f5 gxf5 57. gxf5 Re1+ 58. Kf2 Re4 59. Kf3
Re1 60. Kf2 Re4 61. Kg3 Re1 62. Kf4 Rf1+ 63. Ke4 Re1+ 64. Kd5 Rd1+ 65. Kc6 Rf1
66. f6+ Kg6 67. Kd6 Re1 68. Ra8 Rb1 69. Ra2 Rb6+ 70. Kc5 Rb1 71. Rf2 Rb7 72. Rf1
Ra7 73. Kb6 Ra2 74. e6 Re2 75. e7 Re3 76. Kc6 1-0

[Event "World Senior Teams +50"]
[Site "Radebeul GER"]
[Date "2016.06.28"]
[Round "3.3"]
[Board "1"]
[White "Burchardt, Brigitte"]
[Black "Strutinskaia, Galina"]
[Result "0-1"]
[WhiteTitle "WIM"]
[BlackTitle "WGM"]
[WhiteElo "2177"]
[BlackElo "2237"]
[WhiteTeam "Germany 1 Women"]
[BlackTeam "Russia Women"]
[WhiteFideId "4612213"]
[BlackFideId "4108558"]
[EventDate "2016.06.26"]

1. e4 c5 2. Nc3 Nc6 3. Nf3 e5 4. Nd5 d6 5. c3 Nf6 6. Nxf6+ Qxf6 7. d3 g6 8. h4
h5 9. Bg5 Qe6 10. g3 f6 11. Bh3 Qf7 12. Bxc8 Rxc8 13. Bd2 d5 14. Qa4 c4 15. dxc4
dxe4 16. Ng1 Bc5 17. Qb5 Bd6 18. O-O-O a6 19. Qa4 Bc5 20. Nh3 O-O 21. Rde1 f5
22. Be3 Be7 23. Kb1 Rfd8 24. c5 Rd3 25. Ng5 Bxg5 26. hxg5 Rcd8 27. Qb3 Na5 28.
Qxf7+ Kxf7 29. Kc2 Nc4 30. Bc1 Nd2 31. b3 Ke6 32. Re2 Nf3 33. a4 b6 34. cxb6 Rc8
35. b7 Rcxc3+ 36. Kb2 Rxb3+ 37. Ka2 Rxb7 38. Rb2 Rxb2+ 39. Bxb2 Nxg5 40. Rc1 f4
41. Rc6+ Rd6 42. Rc5 Nf3 43. gxf4 exf4 44. Rc4 Kf5 0-1

[Event "World Senior Teams +50"]
[Site "Radebeul GER"]
[Date "2016.06.28"]
[Round "3.3"]
[Board "2"]
[White "Kozlovskaya, Valentina"]
[Black "Wagner-Michel, Annett"]
[Result "1/2-1/2"]
[WhiteTitle "WGM"]
[BlackTitle "WIM"]
[WhiteElo "2218"]
[BlackElo "2139"]
[WhiteTeam "Russia Women"]
[BlackTeam "Germany 1 Women"]
[WhiteFideId "4107098"]
[BlackFideId "4612205"]
[EventDate "2016.06.26"]

1. d4 d5 2. c4 e6 3. Nc3 Nf6 4. Nf3 Be7 5. Bf4 O-O 6. e3 a6 7. h3 Nbd7 8. Bd3 c5
9. cxd5 Nxd5 10. Nxd5 exd5 11. O-O c4 12. Bc2 Nf6 13. Nd2 Be6 14. Bh2 Qd7 15.
Qf3 Rac8 16. Rfd1 c3 17. bxc3 Rxc3 18. Bb3 Rfc8 19. Be5 b5 20. Qe2 Bf5 21. Bxf6
Bxf6 22. Qe1 b4 23. Nb1 Bxb1 24. Rdxb1 a5 25. Qd1 Qc6 26. Ba4 Qa6 27. Qh5 Rd8
28. Rd1 g6 29. Qf3 Kg7 30. Rac1 Qc8 31. Rxc3 Qxc3 32. Qe2 Be7 33. Qb5 Qc4 34.
Ra1 Rd6 35. Qb7 Bh4 36. Bb3 Qe2 37. Rf1 Rf6 38. f3 Qxe3+ 39. Kh1 Qe2 40. Rd1
Rxf3 41. Qxd5 Rf1+ 42. Rxf1 Qxf1+ 43. Kh2 Qf4+ 44. Kh1 Bf2 45. Qe5+ Qxe5 46.
dxe5 Bd4 47. e6 fxe6 48. Bxe6 a4 49. g4 Kf6 50. Bg8 h6 51. Kg2 Ke5 52. Kf3 Bc5
53. Ke2 Kf4 54. Kd3 Kg3 55. g5 h5 56. Be6 Be7 57. Bd7 Bxg5 58. Bxa4 Kxh3 59. Ke2
Kg3 60. Kf1 Kf4 61. Bc2 h4 62. Kg2 Kg4 63. Bxg6 h3+ 64. Kh1 Kg3 65. Be4 Be3 66.
Bd5 Bd4 67. Bc6 Be5 1/2-1/2

[Event "World Senior Teams +50"]
[Site "Radebeul GER"]
[Date "2016.06.28"]
[Round "3.3"]
[Board "3"]
[White "Mai, Iris"]
[Black "Fatalibekova, Elena"]
[Result "0-1"]
[WhiteTitle "WIM"]
[BlackTitle "WGM"]
[WhiteElo "2094"]
[BlackElo "2227"]
[WhiteTeam "Germany 1 Women"]
[BlackTeam "Russia Women"]
[WhiteFideId "4627393"]
[BlackFideId "4106792"]
[EventDate "2016.06.26"]

1. d4 Nf6 2. Nf3 e6 3. c4 Bb4+ 4. Bd2 c5 5. e3 b6 6. Be2 Bb7 7. O-O O-O 8. Qe1
Nc6 9. a3 Bxd2 10. Nbxd2 Qe7 11. Rc1 Rac8 12. Nb3 d6 13. Nfd2 a5 14. Nf3 Rfd8
15. Bd3 g6 16. e4 a4 17. d5 axb3 18. dxc6 Bxc6 19. Rc3 Qb7 20. Rxb3 Nxe4 21. Qe3
Nf6 22. Nh4 Qe7 23. Qh3 d5 24. Rxb6 dxc4 25. Bxc4 Rd4 26. Bb5 Bxb5 27. Rxb5 Ne4
28. Nf3 Rd3 29. Qh6 Qd7 30. a4 Rd1 31. Qe3 Rxf1+ 32. Kxf1 Qd1+ 33. Ne1 Qxa4 34.
Rb3 Qxb3 0-1

[Event "World Senior Teams +50"]
[Site "Radebeul GER"]
[Date "2016.06.28"]
[Round "3.3"]
[Board "4"]
[White "Sazonova, Elena N."]
[Black "Wolf, Sylvia"]
[Result "1-0"]
[WhiteTitle "WIM"]
[BlackTitle "WFM"]
[WhiteElo "2176"]
[BlackElo "2034"]
[WhiteTeam "Russia Women"]
[BlackTeam "Germany 1 Women"]
[WhiteFideId "4109767"]
[BlackFideId "4612701"]
[EventDate "2016.06.26"]

1. e4 c5 2. Nf3 d6 3. d4 cxd4 4. Nxd4 Nf6 5. Nc3 a6 6. Be3 e5 7. Nb3 Qc7 8. f3
b5 9. a4 b4 10. Na2 Nc6 11. Qd2 Rb8 12. Be2 Be7 13. O-O O-O 14. Nbc1 Qb7 15. Nd3
Be6 16. Nac1 Na5 17. b3 Rfc8 18. Rd1 Nc6 19. a5 d5 20. exd5 Nxd5 21. Bf2 Nc3 22.
Re1 Rd8 23. Bf1 h6 24. Bb6 Rd5 25. Qf2 Bd8 26. Nb2 Nxa5 27. Bxd8 Rbxd8 28. Ncd3
e4 29. fxe4 Rg5 30. Nc5 Qb6 31. Nxe6 Qxf2+ 32. Kxf2 fxe6 33. Nd3 Rd4 34. e5 Nc6
35. Rxa6 Rf5+ 36. Kg1 Nd8 37. Rd6 Rxd6 38. exd6 Nd5 39. Re4 Nc6 40. Rxe6 Kf7 41.
Re4 Rf6 42. Ne5+ Nxe5 43. Rxe5 Nb6 44. Rb5 Rxd6 45. Rxb4 Ke6 46. Rb5 Kd7 47. c4
Rc6 48. Be2 Kc7 49. Bf3 Rf6 50. Kf2 Nd7 51. Ke3 Re6+ 52. Kd4 Re1 53. c5 Ne5 54.
Rb7+ Kd8 55. Rxg7 Nxf3+ 56. gxf3 Re2 57. h4 Rh2 58. Rg4 Kc7 59. Kd5 Rd2+ 60. Kc4
Rf2 61. Rf4 Rb2 62. b4 Rc2+ 63. Kb5 Re2 64. Rf7+ 1-0